[Event "Kalamata NOK op 2nd"]
[Site "Kalamata"]
[Date "2012.11.04"]
[Round "4.7"]
[White "Andriopoulos, Georgios"]
[Black "Arvithas, Georgios"]
[Result "1-0"]
[WhiteElo "1660"]
[BlackElo "1125"]
[PlyCount "67"]
[EventDate "2012.10.14"]
[EventType "swiss"]
[EventRounds "7"]
[EventCountry "GRE"]
[SourceTitle "EXT 2024"]
[Source "ChessBase"]
[SourceDate "2023.10.10"]
[SourceVersion "1"]
[SourceVersionDate "2023.10.10"]
[SourceQuality "1"]

1. e4 e5 2. Nf3 Nc6 3. Bc4 Nf6 4. Nc3 h6 5. d4 exd4 6. Nxd4 Nxd4 7. Qxd4 c5 8. Qd3 Qc7 9. Be3 a6 10. a4 Be7 11. 0-0 0-0 12. f4 b6 13. e5 Ng4 14. h3 Nxe3 15. Qxe3 Bb7 16. Rad1 Kh8 17. f5 Bg5 18. Qg3 Rae8 19. h4 Qxe5 20. Qxe5 Be3+ 21. Qxe3 Rxe3 22. Rxd7 Bc6 23. Rxf7 Rxf7 24. Bxf7 Rg3 25. Rf2 Rg4 26. h5 Bd7 27. Bg6 Rd4 28. f6 gxf6 29. Rxf6 Rd2 30. Rxb6 a5 31. Bd3 Bg4 32. Rxh6+ Kg7 33. Rg6+ Kf7 34. Rxg4 1-0

[Event "Kalamata NOK op 2nd"]
[Site "Kalamata"]
[Date "2012.10.14"]
[Round "1.6"]
[White "Arvithas, Georgios"]
[Black "Klabatseas, Hristos"]
[Result "1/2-1/2"]
[WhiteElo "1125"]
[BlackElo "1400"]
[PlyCount "103"]
[EventDate "2012.10.14"]
[EventType "swiss"]
[EventRounds "7"]
[EventCountry "GRE"]
[SourceTitle "EXT 2024"]
[Source "ChessBase"]
[SourceDate "2023.10.10"]
[SourceVersion "1"]
[SourceVersionDate "2023.10.10"]
[SourceQuality "1"]

1. d4 Nf6 2. c4 e6 3. Nf3 Bb4+ 4. Nc3 b6 5. g3 Bb7 6. Bg2 d6 7. 0-0 Bxc3 8. bxc3 0-0 9. Re1 Nbd7 10. Bf4 Re8 11. Nd2 Bxg2 12. Kxg2 e5 13. Bg5 h6 14. Bxf6 Qxf6 15. f3 Qg6 16. e4 Rad8 17. Qa4 Nf6 18. Qxa7 Re7 19. Qa4 Nh5 20. Kf2 Qf6 21. Qc6 exd4 22. cxd4 Qxd4+ 23. Ke2 f5 24. Qd5+ Qxd5 25. cxd5 Nf6 26. Kd3 fxe4+ 27. Nxe4 Nxd5 28. Kc4 c6 29. a4 Kf7 30. a5 bxa5 31. Rxa5 Nf6 32. Kd4 Nxe4 33. fxe4 Rb8 34. Rf5+ Kg6 35. h4 Rxe4+ 36. Kxe4 Re8+ 37. Kf4 Rxe1 38. h5+ Kh7 39. Ra5 Re5 40. Rxe5 dxe5+ 41. Kxe5 g6 42. g4 gxh5 43. gxh5 Kg7 44. Kf5 Kf7 45. Ke5 Ke7 46. Kf5 c5 47. Ke5 Kf7 48. Kd5 Kf6 49. Kxc5 Kg5 50. Kd4 Kxh5 51. Ke3 Kg4 52. Kf2 1/2-1/2